000 00247nam a22001217a 4500
999 _c5822
_d5822
082 _a621.35
100 _aFloyed
245 _aPrinciples of Electronic Circuits
250 _a6th
260 _aIndia
_bPearson
_c2001
300 _a745
942 _cBK